Kevin De Bruyne's Chosen Teammates XI - Statistics

General Stats
  • This quiz has been taken 70 times
  • The average score is 10 of 11
Answer Stats
Pos. Team Player Nationality % Correct
GK Chelsea Petr Cech Czech
98%
ST Manchester City Sergio Agüero Argentinian
98%
CB Manchester City / Belgium Vincent Kompany Belgian
97%
RW Chelsea / Belgium Eden Hazard Belgian
95%
RB Manchester City Kyle Walker English
94%
CM Manchester City David Silva Spanish
91%
DM Manchester City Fernandinho Brazilian
89%
CM Chelsea Frank Lampard English
89%
LW Manchester City Raheem Sterling English
89%
CB Chelsea John Terry English
88%
LB Manchester City Benjamin Mendy French
82%
No matching quizzes found
Score Distribution
Percent of People with Each Score
Percentile by Number Answered
Your Score History
You have not taken this quiz